les chanteurs de la star academy - Statistiques

Statistiques générales
  • Ce quiz a été pris 216 fois
  • Le résultat moyen est 9 sur 15
Statistiques - réponses
titres de chansons chanteur(se) % Correct
ma faute Marine
97%
summer body, mauvais garçon Helena
93%
ma révolution, au soleil, donne moi le temps Jenifer
87%
ceux qu'on étais,nous on sait,chaque seconde,adieux nous deux Pierre Garnier
87%
unforgettable Ebony
77%
J'ai plus peur,divine,domino Lénie
69%
fleurs fanées,joli coeur Candice
66%
encore une fois, le jeu Julien Lieb
65%
la femme chocolat, week-end à Rome Olivia ruiz
59%
embrasse-moi,tous les matins,plus rien Victorien
46%
la jument de michao, cassé Nolween Leroy
37%
le tour du monde,mon regard Margot Abate
32%
Je te dis non, de l'eau Elodie Frégé
20%
tu rayonnes,automne Anisha Jo
16%
chamboule tout,belle Paola
9%
Aucun quiz correspondant
Distribution des résultats
% des personnes avec chaque résultat
Percentile par nombre de réponses
Votre historique - résultats
Vous n’avez pas pris ce quiz